<?xml version="1.0" encoding="UTF-8"?>
<collection xmlns="http://www.loc.gov/MARC21/slim">
  <record>
    <leader>00000nam  2200000   4500</leader>
    <controlfield tag="001">INLIS000000000020317</controlfield>
    <controlfield tag="005">20250612104125</controlfield>
    <datafield tag="035" ind1="#" ind2="#">
      <subfield code="a">0010-0625000059</subfield>
    </datafield>
    <controlfield tag="007">ta</controlfield>
    <controlfield tag="008">250612################|##########|#|##</controlfield>
    <datafield tag="084" ind1="#" ind2="#">
      <subfield code="a">R 0029 PKN I 2024</subfield>
    </datafield>
    <datafield tag="100" ind1=" " ind2="#">
      <subfield code="a">V. Untoro Kurniawan</subfield>
    </datafield>
    <datafield tag="245" ind1="1" ind2="#">
      <subfield code="a">Transformasi Tata Kelola Pengendalian Risiko Penyelenggaraan Proyek Strategis Nasional Kementerian PUPR /</subfield>
      <subfield code="c">V. Untoro Kurniawan</subfield>
    </datafield>
    <datafield tag="260" ind1="#" ind2="#">
      <subfield code="a">Jakarta :</subfield>
      <subfield code="b">Pusbangkom Pimnas dan Manajerial ASN,</subfield>
      <subfield code="c">2024</subfield>
    </datafield>
    <datafield tag="300" ind1="#" ind2="#">
      <subfield code="a">93 hlm. ;</subfield>
      <subfield code="c">30 cm</subfield>
    </datafield>
    <datafield tag="650" ind1="#" ind2="4">
      <subfield code="a">Proyek Strategis Nasional</subfield>
    </datafield>
    <datafield tag="520" ind1="#" ind2="#">
      <subfield code="a">Dalam pelaksanaan kegiatan pembangunan infrastruktur di Indonesia, Direktorat Jenderal Bina Marga masih menghadapi banyaknya tantangan permasalahan, khususnya dalam penyelenggaraan pembangunan jalan dan jembatan pada kegiatan Proyek Strategis Nasional (PSN) dengan tepat kuantitas, tepat waktu, tepat mutu, tepat biaya, tepat manfaat/sasaran, dan tepat administrasi.</subfield>
    </datafield>
    <datafield tag="990" ind1="#" ind2="#">
      <subfield code="a">2024/1.2.1/A/0029</subfield>
    </datafield>
  </record>
</collection>
